Biblioteka Instytutu Północnego w Olsztynie

Widok standardowy Widok MARC

Pozycja Personal Name

Liczba rekordów, w których użyto hasła: 1

001 - Numer kontrolny

  • control field: 37672

003 - Identyfikator numeru kontrolnego

  • control field: NUKAT

005 - Data i czas ostatniej modyfikacji

  • control field: 20260309134933.0

008 - Dane kontrolne kodowane (40 znaków)

  • fixed length control field: 001107n||a|znnaabn |a aaa |c

010 ## - Numer kontrolny Biblioteki Kongresu

  • numer kontrolny LC: n 00054084

024 7# - OTHER STANDARD IDENTIFIER

  • Standard number or code: 311201747
  • Source of number or code: viaf

024 7# - OTHER STANDARD IDENTIFIER

  • Standard number or code: Q124612129
  • Source of number or code: wikidata

040 ## - Instytucja sporządzająca rekord

  • inst. przygot. dane do rek. khw: WA M/BA
  • język haseł przedmiotowych/tezaurus: kaba
  • inst. wprow. rek. khw: WA M/BA
  • inst. modyf. rek. khw: KR U/04KUL

046 ## - Special dates

  • Birth date: 1941
  • Death date: 2017

100 1# - Hasło - nazwa osobowa

  • nazwa osobowa w formie ujednoliconej: Olszewski, Witold
  • daty biograficzne: (1941-2017).

400 0# - Trop zob. - nazwa osobowa

  • nazwa osobowa (nazwisko, imiona): Wiol.

400 0# - Trop zob. - nazwa osobowa

  • nazwa osobowa (nazwisko, imiona): Werton.

400 0# - Trop zob. - nazwa osobowa

  • nazwa osobowa (nazwisko, imiona): Asterion.

670 ## - Źródło informacji

  • źródło informacji: Gazeta Wyborcza [z dn. 11.07.2017 online], 20.03.2018
  • adres internetowy: http://nekrologi.wyborcza.pl/0,11,,396151,Witold-Olszewski-inne.html

670 ## - Źródło informacji

  • źródło informacji: Szeherezada / [tekst i zdjęcia] Jan Dąbrowski. - Olsztyn, 2000.
  • gdzie znaleziono informację: Il.
Biblioteka Instytutu Północnego, ul. Partyzantów 87, 10-402 Olsztyn, email: biblioteka(at)ip.olsztyn.pl